000 00571nam a2200253Ia 4500
003 OSt
005 20220912145522.0
006 a|||||r|||| 00| 0
007 ta
008 220909b |||||||| |||| 00| 0 eng d
024 _a69349
037 _cTextual
040 _aCSL
_beng
_cCSL
041 _aeng
082 _aL, H1
100 _aAutnors V
245 0 _aTextbook of the practice of medicine
250 _a6
260 _c1941
300 _ap.
_ccm.
650 _aMedicine
942 _hL, H1
_cTEXL
_2CC
999 _c33592
_d33592